000
00234nam a2200109Ia 4500
008
190216s9999||||xx |||||||||||||| ||und||
100
_a
Agtha Christy
245
0
_a
Nor Me
260
_b
Berkley Books
650
_a
English
942
_c
BK
999
_c
13301
_d
13301